Bilecik Bilecik Bilecik Bilecik Bilecik

Tüketicinin korunması hakkında mevzuat ve İstanbul Ticaret Odasının bu konudaki uygulamaları/ (Record no. 2264)

MARC details
000 -BAŞLIK
Sabit Uzunluktaki Kontrol Alanı 01005nam a22003137a 4500
001 - KONTROL NUMARASI
Control Dosyası 0002277
003 - KONTROL NUMARASI KİMLİĞİ
Kontrol Alanı KOHA_MİRAKIL
005 - EN SON İŞLEM TARİHİ ve ZAMANI
Kontrol Alanı 20260207001309.0
007 - FİZİKSEL TANIM SABİT ALAN - GENEL BİLGİ
Sabit uzunluklu kontrol alanı ta
008 - SABİT UZUNLUKTAKİ VERİ ÖGELERİ - GENEL BİLGİ
Sabit Alan 101021b2000 tu |||gr||||#||||0|tur |
020 ## - ISBN - ULUSLARARASI STANDART KİTAP NUMARASI
Isbn 9755125043
Kullanılabilirlik koşulları TL0,01
040 ## - KATALOGLAMA KAYNAĞI
Özgün Kataloglama Kurumu TR-BiSEU
Kataloglama Dili tur
Çeviri Kurumu TR-BiSEU
Açıklama Kuralları rda
041 0# - DİL KODU
Metin ya da ses kaydının dil kodu tur
044 ## - YAYINLAYAN/ÜRETEN KURULUŞUN ÜLKE KODU
ISO country code tu
050 ## - SINIFLAMA ve YER NUMARASI
Sınıflama Numarası KB3276
Yer Numarası .T81 2000
245 1# - ESER ADI BİLDİRİMİ
Başlık Tüketicinin korunması hakkında mevzuat ve İstanbul Ticaret Odasının bu konudaki uygulamaları/
Sorumluluk Bildirimi İstanbul Ticaret Odası.
264 #1 - ÜRERİM, YAYIN, DAĞITIM ve TELİF BİLDİRİMİ
Yayın yeri İstanbul :
Yayınlayan İstanbul Ticaret Odası
Yayın tarihi 2000
300 ## - FİZİKSEL TANIMLAMA
Sayfa, Cilt vb. 327 sayfa; 21 cm.
336 ## - İÇERİK TÜRÜ
Content type term metin
Content type code txt
Source rdacontent
337 ## - MEDYA TÜRÜ
Media type term aracısız
Media type code n
Source rdamedia
338 ## - TAŞIYICI TÜRÜ
Carrier type term cilt
Carrier type code nc
Source rdacarrier
490 1# - DİZİ BİLDİRİMİ
Dizi Bildirimi İTO yayın ;
Cilt Numarası no.
490 1# - DİZİ BİLDİRİMİ
Dizi Bildirimi 2000/46
650 #0 - KONU BAŞLIĞI EK GİRİŞ - KONU TERİMİ
Konusal terim veya coğrafi ad Tüketicinin korunması--Hukuk ve mevzuat--Türkiye.
9 (RLIN) 6687
650 #0 - KONU BAŞLIĞI EK GİRİŞ - KONU TERİMİ
Konusal terim veya coğrafi ad Consumer protection--Law and legislation--Turkey.
9 (RLIN) 6688
830 1# - SERİ EK GİRİŞİ - TEKBİÇİM ESER ADI
Tekbiçim Başlık İTO yayın ;
Volume number/sequential designation no.
9 (RLIN) 6577
830 1# - SERİ EK GİRİŞİ - TEKBİÇİM ESER ADI
Tekbiçim Başlık 2000/46
9 (RLIN) 6689
942 ## - EK GİRİŞ ÖGELERİ (KOHA)
Source of classification or shelving scheme Library of Congress Classification
Koha item type Book
Holdings
Materyal Türü Kalıcı Konum Mevcut Konum Raf Yeri Sınıflandırma Kaynağı Edinim Bilgisi Ana Konular Alt Konular Yer Numarası Demirbaş Numarası Fatura Tarihi Geri Çekilme Durumu Kayıp Durumu Hasarlı Durumu Kredi için değil Kayıt Tarih Toplam Ödünçverme Son Görülme Tarihi Son Kontrol Tarihi Genel / Bağış Notu
Book BŞEÜ Pazaryeri MYO Kütüphanesi BŞEÜ Pazaryeri MYO Kütüphanesi   Library of Congress Classification Bağış HUKUK Genel Dini Hukuk, Karşılaştırmalı Dini Hukuk, Hukuk İlmi KB3276 .T819 2000 0021389 02/02/2026 Düşüldü Kayıp     17/08/2010   05/12/2024 05/12/2024 Genel Bağış
Book BŞEÜ Pazaryeri MYO Kütüphanesi BŞEÜ Pazaryeri MYO Kütüphanesi   Library of Congress Classification Bağış HUKUK Genel Dini Hukuk, Karşılaştırmalı Dini Hukuk, Hukuk İlmi KB3276 .T819 2000 0023131 02/02/2026         21/10/2010   05/12/2024 05/12/2024 Genel Bağış
Book Prof. Dr. Azmi Özcan Kütüphanesi Prof. Dr. Azmi Özcan Kütüphanesi Uluğbey Salonu Library of Congress Classification Bağış HUKUK Genel Dini Hukuk, Karşılaştırmalı Dini Hukuk, Hukuk İlmi KB3276 .T81 2000 0002277 13/08/2010         24/02/2009   05/12/2024 05/12/2024 İİBF